000 002580000a22000970004500
100 1 _aBright, William R.
245 1 0 _aRe-evangelization of the Uqnited States
300 _aVol. 16, Núm 60 (1989), Páginas 9-11
773 0 _tWorld Evangelization
942 _cANA
999 _c57845
_d57845